000 00301nam a22001337a 4500
008 181221b xxu||||| |||| 00| 0 eng d
020 _a9780123740199
041 _aeng
080 _23rd
_a616.8
100 _a7
101 _aNEU
245 _aFundamental Neuroscience
_cSquire,L.R
942 _2udc
_cBK
999 _c53667
_d53667